LIBRARY & INFORMATION CENTRE, KCAET, TAVANUR

ONLINE PUBLIC ACCESS CATALOGUE (OPAC)

Non conventional and renewable energy sources / (Record no. 14647)

MARC details
000 -LEADER
fixed length control field 00383nam a22001457a 4500
003 - CONTROL NUMBER IDENTIFIER
control field OSt
008 - FIXED-LENGTH DATA ELEMENTS--GENERAL INFORMATION
fixed length control field 241101b |||||||| |||| 00| 0 eng d
020 ## - INTERNATIONAL STANDARD BOOK NUMBER
ISBN 9788184873511
082 ## - DEWEY DECIMAL CLASSIFICATION NUMBER
Classification number 621.47
Item number THI/NO
100 ## - MAIN ENTRY--AUTHOR NAME
Personal name Thipse S.S.
245 ## - TITLE STATEMENT
Title Non conventional and renewable energy sources /
260 ## - PUBLICATION, DISTRIBUTION, ETC. (IMPRINT)
Place of publication New Delhi :
Name of publisher Narosa Publishing House,
Year of publication 2014
300 ## - PHYSICAL DESCRIPTION
Number of Pages 354p
942 ## - ADDED ENTRY ELEMENTS (KOHA)
Koha item type Books
Holdings
Withdrawn status Lost status Damaged status Collection code Home library Current library Shelving location Date acquired Source of acquisition Cost, normal purchase price Full call number Accession Number Koha item type
        KAUAET KAUAET Shelf- 7A 23/07/2016 Calicut Books, Calicut. 290.00 621.47 THI/NO 24355 Books
free website counter